000 00379nam a22001457a 4500
999 _c193573
_d193573
008 221102b ||||| |||| 00| 0 eng d
082 _a500-SUM
100 _aSUMAN,SUREDRA
245 _aSCIENCE ON THE MARCH
_hENGHLISH
260 _aNEW DELHI
_bA.I.C.B
_cROHINI
270 _aA.I.C.B ,ROHINI NEW DELHI
300 _a.
_b.
_c12X13
490 _v1
942 _2ddc
_cBRLEN
_k500
_mSUM